Remadja korban buaja. (Record no. 88745)

MARC details
000 -LEADER
fixed length control field 00508cam a22002051 4500
001 - CONTROL NUMBER
control field sa 68018964
003 - CONTROL NUMBER IDENTIFIER
control field DLC
005 - DATE AND TIME OF LATEST TRANSACTION
control field 20260227112715.0
008 - FIXED-LENGTH DATA ELEMENTS--GENERAL INFORMATION
fixed length control field 730705s1964 xx 000 0 eng
010 ## - LIBRARY OF CONGRESS CONTROL NUMBER
LC control number sa 68018964
035 ## - SYSTEM CONTROL NUMBER
System control number (OCoLC)652200
040 ## - CATALOGING SOURCE
Original cataloging agency DLC
Transcribing agency OAU
Modifying agency DLC
042 ## - AUTHENTICATION CODE
Authentication code premarc
050 00 - LIBRARY OF CONGRESS CALL NUMBER
Classification number PL5089.W46
Item number R4
100 1# - MAIN ENTRY--PERSONAL NAME
Personal name Wida, Rani.
245 10 - TITLE STATEMENT
Title Remadja korban buaja.
260 ## - PUBLICATION, DISTRIBUTION, ETC.
Place of publication, distribution, etc. Tasikmalaja,
Name of publisher, distributor, etc. Penerbit Swandaja
Date of publication, distribution, etc. [1964?]
300 ## - PHYSICAL DESCRIPTION
Extent 60 p.
Dimensions 14 cm.
490 0# - SERIES STATEMENT
Series statement Buku saku ABC 66

No items available.

Powered by Koha